The political economy of mountain Java : an interpretive history /

Bibliographic Details
Main Author: Hefner, Robert W., 1952-
Format: Book
Language:English
Published: Berkeley : University of California Press, [1990]
Subjects:

MARC

Tag First Indicator Second Indicator Subfields
LEADER 00000cam a22000008a 4500
001 in00000987635
005 20150927153925.0
008 891120s1990 cau b s00110 eng
010 |a  89049222  
020 |a 0520069331 (alk. paper) 
035 |a (OCoLC)20800588 
035 |9 AEY0642AM 
040 |a DLC  |c DLC  |d TXA  |d UtOrBLW 
043 |a a-io--- 
049 |a TXAM 
050 0 0 |a HN710.Z9  |b C611454 1990 
082 0 0 |a 307.1/412/095982  |2 20 
100 1 |a Hefner, Robert W.,  |d 1952- 
245 1 4 |a The political economy of mountain Java :  |b an interpretive history /  |c Robert W. Hefner. 
263 |a 9011 
264 1 |a Berkeley :  |b University of California Press,  |c [1990] 
264 4 |c ©1990 
300 |a 278 pages :  |b illustrations 
336 |a text  |b txt  |2 rdacontent 
337 |a unmediated  |b n  |2 rdamedia 
338 |a volume  |b nc  |2 rdacarrier 
504 |a Includes bibliographical references and index. 
650 0 |a Rural development  |z Indonesia  |z Tengger Mountains Region (Java) 
651 0 |a Tengger Mountains Region (Indonesia)  |x Social conditions. 
651 0 |a Java (Indonesia)  |x Economic conditions  |x Regional disparities. 
999 |a MARS 
999 f f |s 524d7379-0f96-332e-9138-411017c01495  |i daac11f1-63ac-30e7-baba-e5f506af4e8c  |t 0 
952 f f |p ric  |a Texas A&M University  |b Rellis Campus  |c Joint Library Facility  |d Remote Storage  |t 0  |e HN710.Z9 C611454 1990  |h Library of Congress classification  |i unmediated -- volume  |m A14811552465 
998 f f |a HN710.Z9 C611454 1990  |t 0  |l Remote Storage